| Tag |
First Indicator |
Second Indicator |
Subfields |
| LEADER |
00000cam a2200000Ia 4500 |
| 001 |
in00002464513 |
| 005 |
20190207102513.0 |
| 008 |
090402s1965 txu 000 0 eng d |
| 035 |
|
|
|a (OCoLC)ocn317619731
|
| 035 |
|
|
|a (OCoLC)317619731
|
| 040 |
|
|
|a TXA
|c TXA
|d UtOrBLW
|
| 043 |
|
|
|a n-us-tx
|
| 049 |
|
|
|a TXAM
|
| 090 |
|
|
|a TX715
|b .C6725 1965
|
| 245 |
0 |
0 |
|a Cook book of favorite recipes from Greenville Ave. Christian Church, Dallas, Texas /
|c collected by Greenville Avenue Christian Church Group #4, Christian Women's Fellowship ; cook book editors, Mrs. Jack Morris, Mrs. Milton Goodrich, Jr. ; cover by Mrs. John E. Ellard, Jr.
|
| 264 |
|
1 |
|a Dallas, Tex. :
|b Christian Women's Fellowship, Greenville Avenue Christian Church,
|c 1965.
|
| 300 |
|
|
|a 95 pages ;
|c 23 cm.
|
| 336 |
|
|
|a text
|b txt
|2 rdacontent
|
| 337 |
|
|
|a unmediated
|b n
|2 rdamedia
|
| 338 |
|
|
|a volume
|b nc
|2 rdacarrier
|
| 500 |
|
|
|a The Cushing Library/Chapman Texas Collection copy is part of the Floyd & Louise Chapman Texas & Borderlands Collection.
|5 TXA
|
| 500 |
|
|
|a Cover title.
|
| 500 |
|
|
|a The Cushing Library/Texas copy was donated by Ona Stribling Beams, Dallas, Texas, in memory of George William Beams, Class of 1929.
|
| 500 |
|
|
|a "The Texas Cookbook Collection."
|
| 650 |
|
0 |
|a Cooking, American.
|
| 650 |
|
0 |
|a Cooking
|z Texas.
|
| 710 |
2 |
|
|a Greenville Avenue Christian Church (Dallas, Tex.).
|b Christian Women's Fellowship.
|
| 948 |
|
|
|a cataloged
|b h
|c 2009/4/2
|d c
|e jgreene
|f 10:37:09 am
|
| 994 |
|
|
|a C0
|b TXA
|
| 999 |
|
|
|a MARS
|
| 999 |
f |
f |
|s 6a352205-77bc-31b1-b626-043b09811958
|i 5083f7e1-d72d-387e-8698-c135e4a92956
|t 0
|
| 952 |
f |
f |
|p noncirc
|a Texas A&M University
|b College Station
|c Cushing Memorial Library & Archives
|d Cushing: Chapman Texas Collection (Does not check out)
|t 0
|e TX715 .C6725 1965
|h Library of Congress classification
|i unmediated -- volume
|
| 998 |
f |
f |
|a TX715 .C6725 1965
|t 0
|l Cushing: Chapman Texas Collection (Does not check out)
|